MARC details
| 000 -LEADER |
| fixed length control field |
01301nam a22003497a 4500 |
| 001 - CONTROL NUMBER |
| control field |
4013254 |
| 003 - CONTROL NUMBER IDENTIFIER |
| control field |
ASL |
| 005 - DATE AND TIME OF LATEST TRANSACTION |
| control field |
20231015025622.0 |
| 007 - PHYSICAL DESCRIPTION FIXED FIELD--GENERAL INFORMATION |
| fixed length control field |
hduafb---bacp |
| 007 - PHYSICAL DESCRIPTION FIXED FIELD--GENERAL INFORMATION |
| fixed length control field |
hdubfb---baap |
| 008 - FIXED-LENGTH DATA ELEMENTS--GENERAL INFORMATION |
| fixed length control field |
170705s1934 xxk ab 001 0 eng | |
| 010 ## - LIBRARY OF CONGRESS CONTROL NUMBER |
| LC control number |
96907310 |
| 025 ## - OVERSEAS ACQUISITION NUMBER |
| Overseas acquisition number |
NBIL-07319 |
| 040 ## - CATALOGING SOURCE |
| Original cataloging agency |
DLC |
| Transcribing agency |
ASL |
| Modifying agency |
ASL |
| 042 ## - AUTHENTICATION CODE |
| Authentication code |
lcode |
| 043 ## - GEOGRAPHIC AREA CODE |
| Geographic area code |
a-ii--- |
| 050 00 - LIBRARY OF CONGRESS CALL NUMBER |
| Classification number |
Microfilm BUL-ENG-064 (B) |
| 082 ## - DEWEY DECIMAL CLASSIFICATION NUMBER |
| Classification number |
204.40959 |
| Item number |
MAL |
| 100 1# - MAIN ENTRY--PERSONAL NAME |
| Personal name |
Macnicol, Nicol, |
| Dates associated with a name |
1870-1952. |
| 9 (RLIN) |
518 |
| 245 14 - TITLE STATEMENT |
| Title |
The Living Religions of the Indian People/ |
| Statement of responsibility, etc. |
by Nicol Macnicol. |
| 260 ## - PUBLICATION, DISTRIBUTION, ETC. |
| Place of publication, distribution, etc. |
London : |
| Name of publisher, distributor, etc. |
Student Christian Movement Press, |
| Date of publication, distribution, etc. |
1934. |
| 300 ## - PHYSICAL DESCRIPTION |
| Extent |
323, [1] p. ; |
| Dimensions |
22 cm. |
| 500 ## - GENERAL NOTE |
| General note |
"Wilde lectures, Oxford, 1932-34." |
| 500 ## - GENERAL NOTE |
| General note |
Master microform held by: ICRL. |
| 504 ## - BIBLIOGRAPHY, ETC. NOTE |
| Bibliography, etc. note |
Includes bibliographical references and index. |
| 533 ## - REPRODUCTION NOTE |
| Type of reproduction |
Microfilm. |
| Place of reproduction |
New Delhi : |
| Agency responsible for reproduction |
Library of Congress Office ; |
| Place of reproduction |
Chicago : |
| Agency responsible for reproduction |
Available from Center for Research Libraries, |
| Date of reproduction |
1995. |
| Physical description of reproduction |
On 1 microfilm reel with other items ; 35 mm. |
| Series statement of reproduction |
(SAMP early 20th-century Indian books project ; item 07319). |
| 651 #0 - SUBJECT ADDED ENTRY--GEOGRAPHIC NAME |
| Geographic name |
India |
| General subdivision |
Religion. |
| 9 (RLIN) |
519 |
| 830 #0 - SERIES ADDED ENTRY--UNIFORM TITLE |
| Uniform title |
SAMP early 20th-century Indian books project ; |
| Volume/sequential designation |
item 07319. |
| 9 (RLIN) |
520 |
| 906 ## - LOCAL DATA ELEMENT F, LDF (RLIN) |
| a |
7 |
| b |
cbc |
| c |
origode |
| d |
5 |
| e |
ncip |
| f |
19 |
| g |
y-genmicro |
| 942 ## - ADDED ENTRY ELEMENTS (KOHA) |
| Source of classification or shelving scheme |
Dewey Decimal Classification |
| Koha item type |
Books |